CURRENT MEDICAL DIAGNOSIS & TREATMENT (Record no. 26438)

MARC details
000 -LEADER
fixed length control field 00420nam a22001697a 4500
003 - CONTROL NUMBER IDENTIFIER
control field SGT
020 ## - INTERNATIONAL STANDARD BOOK NUMBER
International Standard Book Number 9781265556532
082 ## - DEWEY DECIMAL CLASSIFICATION NUMBER
Classification number 616.024
Item number C24P
100 ## - MAIN ENTRY--PERSONAL NAME
Personal name PAPADAKIS, MAXINE. A, ed.
245 ## - TITLE STATEMENT
Title CURRENT MEDICAL DIAGNOSIS & TREATMENT
250 ## - EDITION STATEMENT
Edition statement 63TH
260 ## - PUBLICATION, DISTRIBUTION, ETC. (IMPRINT)
Place of publication, distribution, etc NEW YORK
Name of publisher, distributor, etc MC GRAW HILL
Year of Publication 2024
300 ## - PAGE DESCRIPTION
No. of Pages 1873
650 ## - SUBJECT ADDED ENTRY--TOPICAL TERM
Topical term or geographic name as entry element PATHOLOGY
653 ## - KEYWORDS--INDEX TERM
Keyword term CURRENT, MEDICAL, DIAGNOSIS , TREATMENT
942 ## - ADDED ENTRY ELEMENTS (KOHA)
Source of classification or shelving scheme Dewey Decimal Classification
Koha item type Books
Holdings
Withdrawn status Lost status Source of classification or shelving scheme Damaged status Use restrictions Not for loan Collection code Home library Current library Shelving location Date acquired Vendor Name Cost, normal purchase price SGTU Bill Number Full call number Accession No. (Barcode) Date last seen Bill Date Koha item type
    Dewey Decimal Classification   Restricted Access   PHARMACY SGT FA-FP Library SGT FA-FP Library Reference Book 28/05/2024 AHUJA PUBLICATION 5173.00 SGTU 18906 616.024 C24P FP4765 28/05/2024 08/05/2024 Books